| 000 | 004930000a22001930004500 | ||
|---|---|---|---|
| 001 | 002931 | ||
| 003 | MACL | ||
| 005 | 20151003160231.0 | ||
| 008 | 151003b xxu||||| |||| 00| 0 eng d | ||
| 040 |
_aMACL _cMACL |
||
| 041 | _aEnglish | ||
| 082 | _a910/PHA | ||
| 100 |
_aPhaley, Baban _913553 |
||
| 245 |
_aThe Land of Martyr's _bAndaman & Nicobar Islands _cBaban Phaley |
||
| 260 |
_aNagpur _c2004 _bPhaley Publications, |
||
| 350 | _a100 | ||
| 650 |
_aTravel _913554 |
||
| 942 |
_k910 _cBK _2ddc |
||
| 999 |
_c14838 _d14838 |
||